UM Logo

Government by the people : (Record no. 13947)

MARC details
000 -LEADER
fixed length control field 00752nam a22002057a 4500
008 - FIXED-LENGTH DATA ELEMENTS--GENERAL INFORMATION
fixed length control field 190617b ||||| |||| 00| 0 eng d
020 ## - INTERNATIONAL STANDARD BOOK NUMBER
International Standard Book Number 0133620212
082 ## - DEWEY DECIMAL CLASSIFICATION NUMBER
Edition number 1990
Classification number DC 320.973
Item number B93
100 ## - MAIN ENTRY--PERSONAL NAME
Personal name Burns, James MacGregor.
9 (RLIN) 38844
245 ## - TITLE STATEMENT
Title Government by the people :
Remainder of title bill of rights edition/
Statement of responsibility, etc. James MacGregor, J.W Peltason, and Thomas E. Cronin.
250 ## - EDITION STATEMENT
Edition statement Fourteen Edition
260 ## - PUBLICATION, DISTRIBUTION, ETC. (IMPRINT)
Place of publication, distribution, etc. New Jersey:
Name of publisher, distributor, etc. Prentice-Hall, Inc.,
Date of publication, distribution, etc. ©1990.
300 ## - PHYSICAL DESCRIPTION
Extent x, 837 pages;
Dimensions 23 cm.
440 ## - SERIES STATEMENT/ADDED ENTRY--TITLE
Title National, state and local version
9 (RLIN) 38848
500 ## - GENERAL NOTE
General note Includes appendix, glossary, and index.
650 ## - SUBJECT ADDED ENTRY--TOPICAL TERM
Topical term or geographic name as entry element United States -- Politics and government
9 (RLIN) 38845
700 ## - ADDED ENTRY--PERSONAL NAME
Personal name Peltason, J.W.
9 (RLIN) 38846
700 ## - ADDED ENTRY--PERSONAL NAME
Personal name Cronin, Thomas E.
9 (RLIN) 38847
942 ## - ADDED ENTRY ELEMENTS (KOHA)
Source of classification or shelving scheme Dewey Decimal Classification
Koha item type Circulation
Holdings
Withdrawn status Lost status Source of classification or shelving scheme Damaged status Not for loan Collection code Home library Current library Date acquired Total Checkouts Full call number Barcode Date last seen Copy number Price effective from Koha item type
    Dewey Decimal Classification     Circulation UM Digos College - LIC UM Digos College - LIC 06/17/2019   DC 320.973 B93 1987 11939 06/08/2021 1 06/17/2019 Circulation